| 000 | 00638nam a2200229Ia 4500 | ||
|---|---|---|---|
| 003 | OSt | ||
| 005 | 20240417123450.0 | ||
| 008 | 210210b2018 xxu||||| |||| 00| 0 eng d | ||
| 020 | _a9789387979079 | ||
| 040 |
_aAL _c |
||
| 041 | _aKannada | ||
| 082 | _a950.4K ASHA | ||
| 100 |
_aASHVATTHAPPA (K N) _917075 _dಅಶ್ವತ್ಥಪ್ಪ (ಕೆ ಏನ್) |
||
| 245 |
_aAdhunika asia _bಆಧುನಿಕ ಏಷ್ಯಾ |
||
| 260 |
_aBangalore _bSapna book house _c2018 |
||
| 300 | _aviii,526 | ||
| 650 |
_aasia _917076 |
||
| 650 |
_aAdhunika _917077 |
||
| 690 |
_aAsian History _917078 |
||
| 906 | _a072588 | ||
| 942 |
_2ddc _cBK |
||
| 999 |
_c122426 _d122426 |
||